Vista normal
Vista MARC
Entrada Materia (personas)
Número de registros utilizados en: 1
001 - CONTROL NUMBER
- control field: 48059
003 - CONTROL NUMBER IDENTIFIER
- control field: Co-BoUCM
005 - DATE AND TIME OF LATEST TRANSACTION
- control field: 20131015085634.0
008 - FIXED-LENGTH DATA ELEMENTS
- fixed length control field: 131015|| aca||aabn | a|a d
040 ## - CATALOGING SOURCE
- Original cataloging agency: Co-BoUCM
- Transcribing agency: Co-BoUCM
100 ## - HEADING--PERSONAL NAME
- Personal name: McCuen-Metherel, Jo Ray.
670 ## - SOURCE DATA FOUND
- Source citation: Work cat.: (Co-BoUCM)73713: Winkler, Anthony C. 48058, Writing the research paper, 2008